Normas políticas de España
Sparad:
| Huvudupphovsman: | |
|---|---|
| Materialtyp: | Bok |
| Språk: | spanska |
| Publicerad: |
Madrid
Tecnos
1983
|
| Upplaga: | 2a. ed |
| Serie: | Biblioteca de textos legales
|
| Ämnen: | |
| Taggar: |
Lägg till en tagg
Inga taggar, Lägg till första taggen!
|
MARC
| LEADER | 00000nam a2200000 a 4500 | ||
|---|---|---|---|
| 001 | UCV1305 | ||
| 003 | CL-VaPUC | ||
| 008 | 900406e19830000SP |||||||||||||||||spa|d | ||
| 082 | 0 | 4 | |a 342.46 |b EST |2 21 |
| 100 | 0 | |a Esteban, Jorge de |e author |9 295542 | |
| 245 | 1 | 0 | |a Normas políticas de España |
| 250 | |a 2a. ed | ||
| 300 | |a 1093 p | ||
| 942 | |c BK | ||
| 945 | |d 19900406 00:00:00 | ||
| 260 | |a Madrid |b Tecnos |c 1983 | ||
| 650 | 0 | |a Derecho constitucional |9 222588 | |
| 650 | 7 | |a CONSTITUCION 1978 |2 CL-VaPUC |9 255262 | |
| 651 | 0 | |a España |9 254926 | |
| 583 | |a last modification |c 19900406 00:00:00 |k Rodrigo Vera | ||
| 490 | 0 | |a Biblioteca de textos legales | |
| 999 | |c 209291 |d 209289 | ||
| 952 | |0 0 |1 0 |4 0 |6 342_460000000000000_EST_1983 |7 0 |8 A |9 184617 |a BIBDER |b BIBDER |d 2019-11-14 |i 2519267 |o 342.46 EST 1983 |p 2519267 |r 2023-01-25 |w 2019-11-14 |y BK |k DER | ||